Statistics for Most Peaceful Countries

Click here to take the quiz!

General Stats

  • This quiz has been taken 79 times
  • The average score is 16 of 20

Answer Stats

ScoreCountry% Correct
1.360Sweden
95%
1.393Norway
94%
1.277Finland
92%
1.275Switzerland
92%
1.329Australia
89%
1.148Iceland
89%
1.150Denmark
87%
1.221New Zealand
87%
1.287Canada
84%
1.198Austria
83%
1.379Germany
78%
1.432Netherlands
78%
1.368Belgium
76%
1.344Portugal
76%
1.354Ireland
73%
1.430Poland
70%
1.322Japan
63%
1.341Czech Republic
59%
1.378Slovenia
57%
1.416Bhutan
32%

Score Distribution

Percentile by Number Answered

Percent of People with Each Score

Your Score History

You have not taken this quiz